Платежи за загрязнение окружающей среды и их роль в стимулировании рационального природопользования; Вестник науки Сибири; № 1 (11)
| Parent link: | Вестник науки Сибири: электронный научный журнал/ Томский политехнический университет (ТПУ).— , 2011-.— 2226-0064 № 1 (11).— 2014.— [С. 98-102] |
|---|---|
| المؤلف الرئيسي: | |
| مؤلف مشترك: | |
| الملخص: | Заглавие с титульного листа Показана актуальность формирования эффективного механизма взаимодействия предприятий и органов власти в решении проблем охраны окружающей среды. Анализ способов использования поступающих в бюджет экологических платежей позволил выявить его особенности, существенные недостатки и сделать вывод о необходимости проведения изменений в системе рационального природопользования. Выделена и проанализирована одна из функций экономического механизма, которая носит стимулирующий характер и направлена на обеспечения заинтересованности как у предприятий, несущих негативное воздействие окружающей среде, так и у экологического законодательства. Определены место и роль экологических платежей в системе экономических возможностей по стимулированию рационального природопользования. Экологические платежи рассмотрены как инструмент повышения эффективности природопользования. Обоснована необходимость совершенствования этого инструмента посредством выработки ряда экономических и организационных мер, при помощи которых можно будет достичь конкретных результатов в решении проблемы природопользования. |
| اللغة: | الروسية |
| منشور في: |
2014
|
| سلاسل: | Экономика и менеджмент |
| الموضوعات: | |
| الوصول للمادة أونلاين: | http://earchive.tpu.ru/handle/11683/16656 |
| التنسيق: | MixedMaterials الكتروني فصل الكتاب |
| KOHA link: | https://koha.lib.tpu.ru/cgi-bin/koha/opac-detail.pl?biblionumber=530031 |
MARC
| LEADER | 00000naa2a2200000 4500 | ||
|---|---|---|---|
| 001 | 530031 | ||
| 005 | 20240220105222.0 | ||
| 035 | |a (RuTPU)RU\TPU\prd\215865 | ||
| 035 | |a RU\TPU\prd\215862 | ||
| 090 | |a 530031 | ||
| 100 | |a 20140321d2014 k y0rusy50 ca | ||
| 101 | 0 | |a rus | |
| 102 | |a RU | ||
| 135 | |a drnn ---uucaa | ||
| 181 | 0 | |a i | |
| 182 | 0 | |a b | |
| 200 | 1 | |a Платежи за загрязнение окружающей среды и их роль в стимулировании рационального природопользования |f А. В. Хаперская | |
| 203 | |a Текст |c электронный | ||
| 215 | |a 1 файл (577 Кб) | ||
| 225 | 1 | |a Экономика и менеджмент | |
| 300 | |a Заглавие с титульного листа | ||
| 320 | |a [Библиогр.: с. 102 (4 назв.)] | ||
| 330 | |a Показана актуальность формирования эффективного механизма взаимодействия предприятий и органов власти в решении проблем охраны окружающей среды. Анализ способов использования поступающих в бюджет экологических платежей позволил выявить его особенности, существенные недостатки и сделать вывод о необходимости проведения изменений в системе рационального природопользования. Выделена и проанализирована одна из функций экономического механизма, которая носит стимулирующий характер и направлена на обеспечения заинтересованности как у предприятий, несущих негативное воздействие окружающей среде, так и у экологического законодательства. Определены место и роль экологических платежей в системе экономических возможностей по стимулированию рационального природопользования. Экологические платежи рассмотрены как инструмент повышения эффективности природопользования. Обоснована необходимость совершенствования этого инструмента посредством выработки ряда экономических и организационных мер, при помощи которых можно будет достичь конкретных результатов в решении проблемы природопользования. | ||
| 337 | |a Adobe Reader | ||
| 461 | 1 | |0 (RuTPU)RU\TPU\prd\143680 |x 2226-0064 |t Вестник науки Сибири |o электронный научный журнал |f Томский политехнический университет (ТПУ) |d 2011- | |
| 463 | 1 | |0 (RuTPU)RU\TPU\prd\215797 |t № 1 (11) |v [С. 98-102] |d 2014 | |
| 610 | 1 | |a труды учёных ТПУ | |
| 610 | 1 | |a электронный ресурс | |
| 610 | 1 | |a загрязненные среды | |
| 610 | 1 | |a экологические платежи | |
| 610 | 1 | |a рациональное природопользование | |
| 610 | 1 | |a экономические инструменты | |
| 610 | 1 | |a экономические механизмы | |
| 700 | 1 | |a Хаперская |b А. В. |c экономист |c доцент Томского политехнического университета, кандидат педагогических наук |f 1986- |g Алена Васильевна |y Томск |3 (RuTPU)RU\TPU\pers\32041 |9 16088 | |
| 712 | 0 | 2 | |a Национальный исследовательский Томский политехнический университет (ТПУ) |b Институт социально-гуманитарных технологий (ИСГТ) |b Кафедра менеджмента (МЕН) |3 (RuTPU)RU\TPU\col\18855 |
| 801 | 1 | |a RU |b 63413507 |c 20090623 |g PSBO | |
| 801 | 2 | |a RU |b 63413507 |c 20180112 |g PSBO | |
| 856 | 4 | |u http://earchive.tpu.ru/handle/11683/16656 | |
| 942 | |c BK | ||